Normal view MARC view

Entry Personal Name

Number of records used in: 4

001 - CONTROL NUMBER

  • control field: 162479

003 - CONTROL NUMBER IDENTIFIER

  • control field: OSt

005 - DATE AND TIME OF LATEST TRANSACTION

  • control field: 20220923212432.0

008 - FIXED-LENGTH DATA ELEMENTS

  • fixed length control field: 220923|| aca||aabn | a|a d

040 ## - CATALOGING SOURCE

  • Original cataloging agency: OSt
  • Transcribing agency: OSt

100 ## - HEADING--PERSONAL NAME

  • Personal name: पलुस्कर, विष्णु दिगवंरजी

670 ## - SOURCE DATA FOUND

  • Source citation: Work cat.: (OSt)308598: पलुस्कर, विष्णु दिगवंरजी, संगीत बाल प्रकाश, दत्तात्रय विष्णु पुलस्कर संपा , 1956
Copyright @ Delhi University Library System